00371nam a2200121Ia 4500001000400000008004100004082001900045100004900064245007000113260002300183901002800206999001500234155241024s9999 xx 000 0 und d aRD/174.2/C691d aColegio Dominicano de Psicólogos (CODOPSI) 0aDocumentos : Ley 22-01, Código de Etica y Disciplina, Estatutos bEditora Buhoc2008 a19/10/2010 5:07:34 p.m. c9942d9942